Statistics for Countries/Territories with Wendy's Restaurants

Click here to take the quiz!

General Stats

  • This quiz has been taken 80 times
  • The average score is 14 of 28

Answer Stats

Answer% Correct
United States
98%
Canada
97%
Mexico
95%
Brazil
77%
Japan
75%
Argentina
72%
Panama
65%
Bahamas
63%
Chile
62%
Guatemala
62%
Jamaica
57%
Honduras
55%
Dominican Republic
54%
Venezuela
51%
El Salvador
51%
Ecuador
45%
New Zealand
43%
India
42%
Trinidad & Tobago
38%
Indonesia
37%
United Arab Emirates
37%
Philippines
35%
Puerto Rico
29%
Malaysia
26%
Guam
20%
Aruba
9%
Cayman Islands
8%
Georgia
3%

Score Distribution

Percentile by Number Answered

Percent of People with Each Score

Your Score History

You have not taken this quiz